Illumination Villains - Statistics

General Stats
  • This quiz has been taken 180 times
    10 since last reset
  • The average score is 6 of 15
Answer Stats
Hint Movie Answer Year % Correct
The first Despicable Me villain Despicable Me Vector 2010
100%
Wants to conquer everything The Super Mario Bros. Movie Bowser 2023
80%
Returns after being turned back to normal size and helps his son The Super Mario Galaxy Movie Bowser 2026
80%
Son of the villain above who helps his father with his schemes The Super Mario Galaxy Movie Bowser Jr. 2026
60%
A mexican villain Despicable Me 2 El Macho 2013
60%
The lead villain at villain-con Minions Scarlet Overkill 2015
60%
The lead member of the vicious six Minions: The Rise Of Gru Belle Bottom 2022
40%
The CEO of Crystal Entertainment Sing 2 Jimmy Crystal 2021
40%
The leader of the flush pets The Secret Life Of Pets Snowball 2016
40%
Sells air in bottles The Lorax Aloysius O Hare 2012
20%
Wants to put Hollywood in space Despicable Me 3 Balthazar Bratt 2017
20%
He turns people into cockroaches Despicable Me 4 Maxime Le Mal 2024
20%
A chick who wants to be the easter bunny Hop Carlos 2011
0%
Chef who cooks ducks Migration Duck Chef 2023
0%
An abusive circus owner The Secret Life Of Pets 2 Sergei 2019
0%
No matching quizzes found
Score Distribution
Percent of People with Each Score
Percentile by Number Answered
Your Score History
You have not taken this quiz since the last reset